Land use and the causes of global warming / (Record no. 5566)
[ view plain ]
| 000 -LEADER | |
|---|---|
| fixed length control field | 00655nam a22002172 4500 |
| 001 - CONTROL NUMBER | |
| control field | 0000001982 |
| 005 - DATE AND TIME OF LATEST TRANSACTION | |
| control field | 20151217151835.0 |
| 008 - FIXED-LENGTH DATA ELEMENTS--GENERAL INFORMATION | |
| fixed length control field | 070330s xx 000 0 eng d |
| 020 ## - INTERNATIONAL STANDARD BOOK NUMBER | |
| International Standard Book Number | 0471948853 : |
| 040 ## - CATALOGING SOURCE | |
| Original cataloging agency | KABU |
| Transcribing agency | KABU |
| 050 #0 - LIBRARY OF CONGRESS CALL NUMBER | |
| Classification number | HD156 |
| Item number | .A34 |
| 100 1# - MAIN ENTRY--PERSONAL NAME | |
| Personal name | Adger, W. Neil. |
| -- | 0000151114 |
| 245 10 - TITLE STATEMENT | |
| Title | Land use and the causes of global warming / |
| Statement of responsibility, etc. | W. Neil Adger and Katrina Brown. |
| 260 ## - PUBLICATION, DISTRIBUTION, ETC. (IMPRINT) | |
| Place of publication, distribution, etc. | New York : |
| Name of publisher, distributor, etc. | J. Wiley, |
| Date of publication, distribution, etc. | 1994. |
| 300 ## - PHYSICAL DESCRIPTION | |
| Extent | x, 271 p. |
| 650 #0 - SUBJECT ADDED ENTRY--TOPICAL TERM | |
| Topical term or geographic name as entry element | Land use |
| General subdivision | Environmental aspects. |
| -- | 0000151115 |
| 700 1# - ADDED ENTRY--PERSONAL NAME | |
| Personal name | Brown, Katrina. |
| -- | 0000151116 |
| 908 ## - PUT COMMAND PARAMETER (RLIN) | |
| Put command parameter | 070330 |
| 950 ## - LOCAL HOLDINGS (RLIN) | |
| -- | 1 |
| Withdrawn status | Lost status | Source of classification or shelving scheme | Not for loan | Home library | Current library | Date acquired | Total Checkouts | Full call number | Barcode | Date last seen | Date last checked out | Price effective from | Koha item type |
|---|---|---|---|---|---|---|---|---|---|---|---|---|---|
| Library of Congress Classification | Kabarak, Main Campus | Kabarak, Main Campus | 17/12/2015 | 1 | HD156 .A34 | 002767 | 02/08/2024 | 15/07/2016 | 17/12/2015 | General Collection |